01078nam a2200193 a 45000010005000000030009000050080041000140400028000550820018000831000054001012450036001552600034001913000011002255050550002366500016007866500024008026500027008266500031008538993CO-ViMGA141112s2004 ck r 000 u spa d aCO-ViMGAbspacCO-ViMGA04a617.072 A483i1 aAgudelo Ayerbe, Alejandro; Montoya, Jose Gilberto10aInfecciones propias de la mujer aCali (Col.), cFeriva, c2002 a330.p. aFlora vaginal residente Vaginosis bacteriana Candidiasis vulvovaginal Tricomoniasis Cervicitis Clamidia Gonococo Enfermedad pelvica inflamatoria Papilomavirus genital Herpes virus Infeccion urinaria en la mujer Lúes VIH / SIDA Fisiopatología de las infecciones perinatales Toxoplasmosis Varicela Rubeola Citomegalovirus Hepatitis Malaria Tetanos Listeria Vacunación durante el embarazo Estreptococo del grupo B Infección puerperal Infección de la herida Quirurgica Infección intraamniótica Aborto septico Antibióticos en la mujer14aGINECOLOGIA14aINFECCIONES - MUJER14aMUJERES Y ENFERMEDADES14aTRATAMIENTO DE INFECCIONES